000 00304nam a22001337a 4500
008 171108b xxu||||| |||| 00| 0 eng d
020 _a9780321021069
041 _aeng
080 _27TH
_a330.322
100 _a64
101 _aINV
245 _aFUNDAMENTALS OF INVESTING
_cGITMAN,L.J
942 _2udc
_cBK
999 _c38234
_d38234